01590nam a22002657a 4500952012100000952012000121999001700241008004100258020001800299050001900317100004100336245006800377250001800445260004800463300002500511336001000536337001400546338001400560504020000574505038400774519008301158519004401241650002701285942001201312 00102ddc4070a22b22d2015-07-03l16m3oKGF3230 M3775 2011p22 001038r2022-08-30s2022-06-04t1w2015-07-03yLB 00102lcc4070a22b22d2017-06-27l3m2oKGF3230 M3775 2011p22 001810r2018-04-12s2018-04-05t2w2017-06-27yLB c97142d97142150703b20112014mx ||||| |||| 00| 0 spa d a9786074261769 aKGF3230bM3775 aMartínez Morales, Rafael I.eautor 1aDerecho administrativo 1er. cursoc/ Rafael I. Martinez Morales a6a. edición aMéxicob: Oxford University Pressc, 2011 axxvii, 352 páginas atexto asin medio avolúmen aÍndice del contenido (pp.vii) Prólogo (pp.xxiii) Prefacio (pp.xxv) Abreviaturas y siglas (pp.xxix) Bibliografía general (pp.307) Índice onomástico (pp.315) Índice analítico (pp.317) aI. Nociones previas II. Estado y gobierno III. Las funciones del estado IV. Laadministración pública V. La centralización federal VI. Descentralización administrativa VII. Las partes de la federación VIII. La actividad administrativa IX. El acto administrativo X. Discrecionalidad administrativa XI. Concesión y servicio público XII. Reglamentación administrativa aEducación Mixta / bDerecho / cDerecho Administrativo (B12) / d(22 001038) aMaterial Complementario / d(22 001810) 1aDERECHO ADMINISTRATIVO cLB2lcc